Splenomegália ako prvotný symptóm generalizovanej sarkoidózy

Bibliographic Details
Main Authors: Urban, Štefan (Author), Bilický, Jozef (Author)
Format: Article
Language:Slovak
PhysicalDescription:Obr., tab.
ISSN:0371-2222
Subjects:

MARC

LEADER 00000nab a2200000 a 4500
001 vtls000663410
003 SK-MaSNL
005 20260304090521.0
008 250425c1998 xo 0 slo
015 |a SNBRB1998/05-13130 
035 |a CLN000015596 
035 |a urn:nbn:sk:snk-ab351f 
035 |a (urnnbn)urn:nbn:sk:snk:ar-a064eg 
035 |a (uuid)11081bce-2d1a-4c10-8871-f53213552cd6 
040 |a SNKBUCL  |b slo  |c SNKBUCL  |e AACR2 
041 0 |a slo 
044 |a xo  |c SK 
080 |a 616.24-002.71:616.411-007.61  |2 1997 
080 |a 616.411-007.61  |2 1997 
100 1 |a Urban, Štefan  |4 aut  |9 279858 
245 1 0 |a Splenomegália ako prvotný symptóm generalizovanej sarkoidózy  |c Š. Urban, J, Bilický 
300 |b Obr., tab. 
504 |a Res. angl., slov. Bibliogr. odkazy 
650 0 7 |a sarkoidóza  |2 snkbucl  |9 14443 
650 0 7 |a splenomegália  |2 snkbucl  |9 14444 
655 7 |a články z novín a časopisov  |2 snkbucl  |9 267496 
700 1 |a Bilický, Jozef  |4 aut  |9 7921 
773 0 |t Studia pneumologica et phthiseologica  |g Roč. 58, č. 1 (1998), s. 37-39  |x 0371-2222 
850 |a Slovenská národná knižnica 
852 |a Slovenská národná knižnica 
954 |a odborná, vedecká literatúra pôvodná (slovenská)  |2 lita 
958 |a article27 
958 |a NB 
958 |a OND 
958 |a EUIPO 
999 |c 2811706  |d 2813636